000 00908nam a22002537a 4500
001 8382
003 FISKH
005 20250910112308.0
008 250910b cb ||||| |||| 00| 0 eng d
020 _a9780448454078
040 _aFISKH
_beng
_cFISKH
_dFISKH
082 _a813
100 _aDinsmore, Sheila
245 _aThe big game : Sticker stories /
260 _aNew York :
_bGrosset & Dunlap,
_c2010.
300 _a16 pages :
_bcolor illustrations ;
_c28 cm
505 _aH
520 _aWhyatt is having a hard time playing baseball, so the Super Readers fly into the story The Big Game and show a struggling soccer team that practice is the key to improving. Now Whyatt knows what he needs to do to get better at baseball!
521 8 _a430
_bLexile estimate
521 8 _aH
_bRaz-Plus
650 _aTeamwork
_vFriendship
_xCompetition
942 _2ddc
_cBK
_n0
999 _c8382
_d8382